Modification of natural petroleum adsorbent Sphagnum Dill; Petroleum and Coal; Vol. 58, iss. 5

Bibliographic Details
Parent link:Petroleum and Coal
Vol. 58, iss. 5.— 2016.— [P. 551-555]
Corporate Author: Национальный исследовательский Томский политехнический университет (ТПУ) Институт природных ресурсов (ИПР) Кафедра технологии органических веществ и полимерных материалов (ТОВПМ)
Other Authors: Rotar O. V. Olga Vasilievna, Rotar V. G. Viktor Grigoryevich, Gess T. Tatjyana, Iskrizhitsky A. A. Alexander Aleksandrovich, Vorobiev D. S. Daniel Sergeevich
Summary:Title screen
Adsorption activity of natural adsorbents for cleanup of water surfaces from oil spills was studied. The following natural adsorbents criteria were compared: oil absorption, buoyancy, and water absorption. The original peat moss Sphagnum Dill (Russia) demonstrated better buoyancy (up to 700 hours) but poorer oil absorption in comparison to Nature sorb (Canada). Carbonized and chemically modifiedSphagnum Dill was found to be similar to Canadian peat mosses Nature Corby and Spilcorb in terms of oil absorption and superior to them in terms of buoyancy. Modified adsorbents can clean water to the residual oil content of less than 0.03 g/L. Adsorptive capacity demonstrated dependence on adsorbent porosity.
Свободный доступ из сети Интернет
Language:English
Published: 2016
Subjects:
Online Access:http://www.vurup.sk/wp-content/uploads/dlm_uploads/2017/07/pc_6_2016_rotar_487cor.pdf
Format: Electronic Book Chapter
KOHA link:https://koha.lib.tpu.ru/cgi-bin/koha/opac-detail.pl?biblionumber=653524

MARC

LEADER 00000naa0a2200000 4500
001 653524
005 20250227141412.0
035 |a (RuTPU)RU\TPU\network\18996 
090 |a 653524 
100 |a 20170311d2016 k||y0rusy50 ba 
101 0 |a eng 
102 |a SK 
135 |a drcn ---uucaa 
181 0 |a i  
182 0 |a b 
200 1 |a Modification of natural petroleum adsorbent Sphagnum Dill  |f O. V. Rotar, V. G. Rotar, T. Gess [et al.] 
203 |a Text  |c electronic 
300 |a Title screen 
320 |a [References: p. 555 (18 tit.)] 
330 |a Adsorption activity of natural adsorbents for cleanup of water surfaces from oil spills was studied. The following natural adsorbents criteria were compared: oil absorption, buoyancy, and water absorption. The original peat moss Sphagnum Dill (Russia) demonstrated better buoyancy (up to 700 hours) but poorer oil absorption in comparison to Nature sorb (Canada). Carbonized and chemically modifiedSphagnum Dill was found to be similar to Canadian peat mosses Nature Corby and Spilcorb in terms of oil absorption and superior to them in terms of buoyancy. Modified adsorbents can clean water to the residual oil content of less than 0.03 g/L. Adsorptive capacity demonstrated dependence on adsorbent porosity. 
333 |a Свободный доступ из сети Интернет 
461 |t Petroleum and Coal 
463 |t Vol. 58, iss. 5  |v [P. 551-555]  |d 2016 
610 1 |a электронный ресурс 
610 1 |a труды учёных ТПУ 
610 1 |a адсорбционная способность 
610 1 |a нефтепродукты 
610 1 |a сорбенты 
610 1 |a нефтеотдача 
610 1 |a впитывание 
610 1 |a углеводороды 
701 1 |a Rotar  |b O. V.  |c Chemical Engineer  |c Associate Professor of Tomsk Polytechnic University, candidate of chemical sciences  |f 1947-  |g Olga Vasilievna  |3 (RuTPU)RU\TPU\pers\33854  |9 17443 
701 1 |a Rotar  |b V. G.  |c Specialist in the field of automatic control  |c Associate Professor of Tomsk Polytechnic University, Candidate of technical sciences  |f 1948-  |g Viktor Grigoryevich  |3 (RuTPU)RU\TPU\pers\32272 
701 1 |a Gess  |b T.  |g Tatjyana 
701 1 |a Iskrizhitsky  |b A. A.  |g Alexander Aleksandrovich 
701 1 |a Vorobiev  |b D. S.  |g Daniel Sergeevich 
712 0 2 |a Национальный исследовательский Томский политехнический университет (ТПУ)  |b Институт природных ресурсов (ИПР)  |b Кафедра технологии органических веществ и полимерных материалов (ТОВПМ)  |3 (RuTPU)RU\TPU\col\18659 
801 2 |a RU  |b 63413507  |c 20200217  |g RCR 
856 4 |u http://www.vurup.sk/wp-content/uploads/dlm_uploads/2017/07/pc_6_2016_rotar_487cor.pdf 
942 |c CF